000 00429pab a2200169 454500
008 180718b2013 xxu||||| |||| 00| 0 eng d
100 _aAcemoglu, Daron
245 _aEconomics versus politics: Pitfalls of policy advice
260 _c2013
300 _ap.173-192.
362 _aSpring
650 _aEconomics
700 _aRobinson, James A.
773 _aJournal of Economic Perspectives
908 _aN
909 _a99587
999 _c99586
_d99586